00832nam a22001937a 4500999001700000003000900017008004100026040007100067082002400138100002200162245004200184260004500226300002600271505017800297650003400475942001600509945000900525952010400534 c11034d11034AR-CdUCM190402b ||||| |||| 00| 0 spa d aMUNICIPALIDAD PROVINCIAL DEL CUSCOcBIBLIOTECA MUNICIPAL DEL CUSCO a372.4 /bP77 / 1943 aPonce, Aníbal,  aProblemas de psicología infantil /  aBuenos Aires : bEdit. El Ateneo,c1943. a182 paginas ;c21 cm. aContenido : Las etapas de la evolución infantil -- Los movimientos impulsivos de preyer -- La percepción y la mano -- El neologismo y del lenguaje -- La imitación... aPsicología del niño95112 2ddccLIBROS awnts 002ddc4070aSCAbSCAcCARTd2019-04-02g95.00o372.4 / P77 / 1943pSCA0001022r2019-04-02yLIBROS